Zlatá léta československého peněžnictví
Historická retrospektíva vývoja československej peňažnej sústavy po vzniku československého štátu, najmä v 20. rokoch minulého storočia, ktorá patrila k hospodársky najúspešnejším v jeho medzivojnovej histórii. Rašínová menová reforma. Smery vývozu československého kapitálu. Bankové zákony a sanač...
Saved in:
| Main Author: | |
|---|---|
| Format: | Book Chapter |
| Language: | Czech |
| Subjects: | |
| Tags: |
No Tags, Be the first to tag this record!
|
MARC
| LEADER | 00000naa$a2200000$$$4500 | ||
|---|---|---|---|
| 001 | 0022785 | ||
| 005 | 20230918083058.7 | ||
| 041 | 0 | |a cze | |
| 044 | |a SK | ||
| 245 | 1 | 0 | |a Zlatá léta československého peněžnictví |c Milan Sekanina |
| 520 | |a Historická retrospektíva vývoja československej peňažnej sústavy po vzniku československého štátu, najmä v 20. rokoch minulého storočia, ktorá patrila k hospodársky najúspešnejším v jeho medzivojnovej histórii. Rašínová menová reforma. Smery vývozu československého kapitálu. Bankové zákony a sanačný fond. Prehľad najvýznamnejších československých bánk. Kapitálový trh a rozpočtová politika medzivojnového Československa. Menová politika. | ||
| 610 | 2 | 0 | |a sústava banková |
| 610 | 2 | 0 | |a Slovensko |
| 610 | 2 | 0 | |a Česko |
| 610 | 2 | 0 | |a história |
| 610 | 2 | 0 | |a ústavy úverové |
| 610 | 2 | 0 | |a trh kapitálový |
| 610 | 2 | 0 | |a trh finančný |
| 610 | 2 | 0 | |a ústavy finančné |
| 610 | 2 | 0 | |a politika menová |
| 610 | 2 | 0 | |a banky živnostenské |
| 610 | 2 | 0 | |a banky hypotekárne |
| 610 | 2 | 0 | |a banky obchodné |
| 610 | 2 | 0 | |a Československo |
| 610 | 2 | 0 | |a úver |
| 610 | 2 | 0 | |a peňažníctvo |
| 100 | 1 | |a Sekanina, Milan | |